000 01291nam a2200349 a 4500
001 ebr10591392
003 CaPaEBR
006 m u
007 cr cn|||||||||
008 121214s1990 gw sb 001 0 lat d
020 _z3322007472
020 _z9783598715426
020 _z9783110955590 (e-book)
040 _aCaPaEBR
_cCaPaEBR
035 _a(OCoLC)823746499
041 1 _alat
_agre
050 1 4 _aB589
_b.H461 1990eb
100 1 _aMusonius Rufus, C.
_q(Caius),
_db. ca. 30.
245 1 0 _aC. Musonii Rufi reliquiae
_h[electronic resource] /
_cedidit O. Hense.
246 3 0 _aReliquiae
260 _aLeipzig :
_bB.G. Teubner,
_c1990.
300 _axxxvi, 148 p.
440 0 _aBibliotheca scriptorum Graecorum et Romanorum Teubneriana,
_x0233-1160
504 _aIncludes bibliographical references and index.
533 _aElectronic reproduction.
_bPalo Alto, Calif. :
_cebrary,
_d2011.
_nAvailable via World Wide Web.
_nAccess may be limited to ebrary affiliated libraries.
546 _aIn Latin and Greek.
650 0 _aPhilosophy.
655 7 _aElectronic books.
_2local
700 1 _aHense, O.
710 2 _aebrary, Inc.
856 4 0 _uhttp://site.ebrary.com/lib/rucke/Doc?id=10591392
_zAn electronic book accessible through the World Wide Web; click to view
999 _c105938
_d105938